Оптимальная религиозная составляющая в образовании и эзотерии; Актуальные проблемы гуманитарных наук

Bibliographic Details
Parent link:Актуальные проблемы гуманитарных наук.— 2009.— С. 385-387
Main Author: Ю Кон-Сю
Language:Russian
Published: 2009
Subjects:
Format: Book Chapter
KOHA link:https://koha.lib.tpu.ru/cgi-bin/koha/opac-detail.pl?biblionumber=196124

MARC

LEADER 00000naa2a2200000 4500
001 196124
005 20231031183008.0
035 |a (RuTPU)RU\TPU\book\213962 
090 |a 196124 
100 |a 20110518d2009 k y0rusy50 ca 
101 0 |a rus 
102 |a RU 
200 1 |a Оптимальная религиозная составляющая в образовании и эзотерии  |f Ю Кон-Сю  
320 |a Библиогр.: 7 назв. 
463 0 |0 (RuTPU)RU\TPU\book\205117  |t Актуальные проблемы гуманитарных наук  |o труды VIII международной научно-практической конференции студентов, аспирантов и молодых ученых, г. Томск, 16-17 апреля 2009 г.  |f Томский политехнический университет (ТПУ)  |v С. 385-387  |d 2009  |p 466 с. 
610 1 |a религия 
610 1 |a образование 
610 1 |a эзотерика 
610 1 |a труды учёных ТПУ 
700 0 |a Ю Кон-Сю 
801 1 |a RU  |b 63413507  |c 20110518 
942 |c BK